000 00337 a2200133 4500
000 nam a22 7a 4500
100 _aHarris, James G.
110 _aHarris, James G.
245 _aPlant Identification Terminology: An Illustrated Glossary
250 _aLatest edition
260 _bUBP
_c2024
264 _bUBP
_c2024
942 _cBK
999 _c396020
_d396020